Growing Cities in the Balkans - Statistics

General Stats
  • This quiz has been taken 33 times
  • The average score is 6 of 10
Answer Stats
Population Population Gained City % Correct
1,166,763 47,121 Belgrade
97%
418,495 75,417 Tirana
90%
422,540 16,491 Skopje
87%
272,220 13,347 Ljubljana
73%
150,977 14,504 Podgorica
70%
231,798 40,393 Novi Sad
63%
113,249 13,703 Durres
53%
183,164 9,440 Nis
50%
66,527 11,923 Novi Pazar
7%
46,086 10,936 Borca
0%
No matching quizzes found
Score Distribution
Percent of People with Each Score
Percentile by Number Answered
Your Score History
You have not taken this quiz